<?xml version="1.0" encoding="UTF-8"?>
<record
    xmlns:xsi="http://www.w3.org/2001/XMLSchema-instance"
    xsi:schemaLocation="http://www.loc.gov/MARC21/slim http://www.loc.gov/standards/marcxml/schema/MARC21slim.xsd"
    xmlns="http://www.loc.gov/MARC21/slim">

  <leader>00925nac a22002411u 4500</leader>
  <controlfield tag="008">090303s2007    nyu|||||r|||| 001 0 eng d</controlfield>
  <datafield tag="010" ind1=" " ind2=" ">
    <subfield code="a">2006042861</subfield>
  </datafield>
  <datafield tag="020" ind1=" " ind2=" ">
    <subfield code="a">0321313798</subfield>
  </datafield>
  <datafield tag="020" ind1=" " ind2=" ">
    <subfield code="a">9780321313799</subfield>
  </datafield>
  <datafield tag="035" ind1=" " ind2=" ">
    <subfield code="a">(OCoLC)ocm65978675</subfield>
  </datafield>
  <datafield tag="082" ind1="0" ind2="0">
    <subfield code="a">005.1</subfield>
    <subfield code="b">SOM</subfield>
    <subfield code="2">22</subfield>
  </datafield>
  <datafield tag="100" ind1=" " ind2=" ">
    <subfield code="a">Sommerville, Ian,            </subfield>
    <subfield code="9">3830</subfield>
  </datafield>
  <datafield tag="245" ind1="1" ind2="0">
    <subfield code="a">Software Engineering /</subfield>
    <subfield code="c">Ian Sommerville.</subfield>
  </datafield>
  <datafield tag="250" ind1=" " ind2=" ">
    <subfield code="a">8th ed.</subfield>
  </datafield>
  <datafield tag="260" ind1=" " ind2=" ">
    <subfield code="a">Harlow, England ;</subfield>
    <subfield code="a">New York :</subfield>
    <subfield code="b">Addison-Wesley, </subfield>
    <subfield code="c">c2007.</subfield>
  </datafield>
  <datafield tag="300" ind1=" " ind2=" ">
    <subfield code="a">xxiii, 840 p. :</subfield>
    <subfield code="b">ill. ;</subfield>
    <subfield code="c">24 cm.</subfield>
  </datafield>
  <datafield tag="440" ind1=" " ind2="0">
    <subfield code="a">International computer science series</subfield>
    <subfield code="9">3831</subfield>
  </datafield>
  <datafield tag="504" ind1=" " ind2=" ">
    <subfield code="a">Includes bibliographical references and indexes.</subfield>
  </datafield>
  <datafield tag="650" ind1=" " ind2="0">
    <subfield code="a">Software engineering.</subfield>
    <subfield code="9">3832</subfield>
  </datafield>
  <datafield tag="655" ind1=" " ind2=" ">
    <subfield code="9">2190</subfield>
    <subfield code="a">Software Engineering 1- year 1.</subfield>
    <subfield code="v">text book</subfield>
    <subfield code="x">Computer Science</subfield>
    <subfield code="y">Semester 2. 2008/2009</subfield>
  </datafield>
  <datafield tag="655" ind1=" " ind2=" ">
    <subfield code="9">2199</subfield>
    <subfield code="a">Software Engineering 2- year 2.</subfield>
    <subfield code="v">text book</subfield>
    <subfield code="x">Computer Science</subfield>
    <subfield code="y">Semester 2. 2008/2009</subfield>
  </datafield>
  <datafield tag="942" ind1=" " ind2=" ">
    <subfield code="c">BB</subfield>
    <subfield code="k">005.1 SOM</subfield>
    <subfield code="2">ddc</subfield>
  </datafield>
  <datafield tag="999" ind1=" " ind2=" ">
    <subfield code="c">2535</subfield>
    <subfield code="d">2535</subfield>
  </datafield>
  <datafield tag="952" ind1=" " ind2=" ">
    <subfield code="0">0</subfield>
    <subfield code="1">0</subfield>
    <subfield code="2">ddc</subfield>
    <subfield code="4">0</subfield>
    <subfield code="7">0</subfield>
    <subfield code="8"> </subfield>
    <subfield code="a">MAIN</subfield>
    <subfield code="b">MAIN</subfield>
    <subfield code="c">LOW</subfield>
    <subfield code="d">2007-02-22</subfield>
    <subfield code="e">purchase</subfield>
    <subfield code="l">8</subfield>
    <subfield code="m">52</subfield>
    <subfield code="o">005.1 SOM</subfield>
    <subfield code="p">000001505</subfield>
    <subfield code="r">2025-07-15 00:00:00</subfield>
    <subfield code="s">2018-10-01</subfield>
    <subfield code="y">BB</subfield>
  </datafield>
  <datafield tag="952" ind1=" " ind2=" ">
    <subfield code="0">0</subfield>
    <subfield code="1">0</subfield>
    <subfield code="2">ddc</subfield>
    <subfield code="4">0</subfield>
    <subfield code="7">0</subfield>
    <subfield code="8"> </subfield>
    <subfield code="a">MAIN</subfield>
    <subfield code="b">MAIN</subfield>
    <subfield code="c">LOW</subfield>
    <subfield code="d">2007-02-22</subfield>
    <subfield code="e">purchase</subfield>
    <subfield code="l">15</subfield>
    <subfield code="m">36</subfield>
    <subfield code="o">005.1 SOM</subfield>
    <subfield code="p">000006323</subfield>
    <subfield code="r">2025-07-15 00:00:00</subfield>
    <subfield code="s">2014-10-02</subfield>
    <subfield code="y">BB</subfield>
  </datafield>
  <datafield tag="952" ind1=" " ind2=" ">
    <subfield code="0">0</subfield>
    <subfield code="1">0</subfield>
    <subfield code="2">ddc</subfield>
    <subfield code="4">0</subfield>
    <subfield code="7">0</subfield>
    <subfield code="8">Baccah</subfield>
    <subfield code="a">MAIN</subfield>
    <subfield code="b">MAIN</subfield>
    <subfield code="c">LOW</subfield>
    <subfield code="d">2009-03-03</subfield>
    <subfield code="e">purchase</subfield>
    <subfield code="l">10</subfield>
    <subfield code="m">31</subfield>
    <subfield code="o">005.1 SOM</subfield>
    <subfield code="p">000010481</subfield>
    <subfield code="r">2025-07-15 00:00:00</subfield>
    <subfield code="s">2018-10-01</subfield>
    <subfield code="y">BB</subfield>
  </datafield>
  <datafield tag="952" ind1=" " ind2=" ">
    <subfield code="0">0</subfield>
    <subfield code="1">0</subfield>
    <subfield code="2">ddc</subfield>
    <subfield code="4">0</subfield>
    <subfield code="7">0</subfield>
    <subfield code="8">Baccah</subfield>
    <subfield code="a">MAIN</subfield>
    <subfield code="b">MAIN</subfield>
    <subfield code="c">LOW</subfield>
    <subfield code="d">2009-03-03</subfield>
    <subfield code="e">purchase</subfield>
    <subfield code="l">6</subfield>
    <subfield code="m">15</subfield>
    <subfield code="o">005.1 SOM</subfield>
    <subfield code="p">000015211</subfield>
    <subfield code="r">2025-07-15 00:00:00</subfield>
    <subfield code="s">2018-02-08</subfield>
    <subfield code="y">BB</subfield>
  </datafield>
  <datafield tag="952" ind1=" " ind2=" ">
    <subfield code="0">0</subfield>
    <subfield code="1">0</subfield>
    <subfield code="2">ddc</subfield>
    <subfield code="4">0</subfield>
    <subfield code="7">0</subfield>
    <subfield code="8">Baccah</subfield>
    <subfield code="a">MAIN</subfield>
    <subfield code="b">MAIN</subfield>
    <subfield code="c">LOW</subfield>
    <subfield code="d">2009-03-03</subfield>
    <subfield code="e">purchase</subfield>
    <subfield code="l">2</subfield>
    <subfield code="o">005.1 SOM</subfield>
    <subfield code="p">000015210</subfield>
    <subfield code="r">2025-07-15 00:00:00</subfield>
    <subfield code="s">2012-09-24</subfield>
    <subfield code="y">NB</subfield>
  </datafield>
  <datafield tag="952" ind1=" " ind2=" ">
    <subfield code="0">0</subfield>
    <subfield code="1">0</subfield>
    <subfield code="2">ddc</subfield>
    <subfield code="4">0</subfield>
    <subfield code="7">0</subfield>
    <subfield code="8">Baccah</subfield>
    <subfield code="a">MAIN</subfield>
    <subfield code="b">MAIN</subfield>
    <subfield code="c">LOW</subfield>
    <subfield code="d">2009-04-16</subfield>
    <subfield code="e">purchase</subfield>
    <subfield code="g">256.00</subfield>
    <subfield code="h">7073</subfield>
    <subfield code="l">14</subfield>
    <subfield code="m">32</subfield>
    <subfield code="o">005.1 SOM</subfield>
    <subfield code="p">000015907</subfield>
    <subfield code="r">2025-07-15 00:00:00</subfield>
    <subfield code="s">2013-02-19</subfield>
    <subfield code="y">BB</subfield>
  </datafield>
</record>
